Dysfonctionnement érectile et culpabilité : à propos d’une observation (notice n° 1774086)
[ vue normale ]
| 000 -LEADER | |
|---|---|
| fixed length control field | 02143cam a2200313 4500500 |
| 005 - DATE AND TIME OF LATEST TRANSACTION | |
| control field | 20260322012608.0 |
| 041 ## - LANGUAGE CODE | |
| Language code of text/sound track or separate title | fre |
| 042 ## - AUTHENTICATION CODE | |
| Authentication code | dc |
| 100 10 - MAIN ENTRY--PERSONAL NAME | |
| Personal name | Faye, Papa Lamine |
| Relator term | author |
| 245 00 - TITLE STATEMENT | |
| Title | Dysfonctionnement érectile et culpabilité : à propos d’une observation |
| 260 ## - PUBLICATION, DISTRIBUTION, ETC. | |
| Date of publication, distribution, etc. | 2015.<br/> |
| 500 ## - GENERAL NOTE | |
| General note | 58 |
| 520 ## - SUMMARY, ETC. | |
| Summary, etc. | La dysfonction érectile (DE) est une pathologie multifactorielle dont la prise en charge doit être abordée simultanément sur ses versants psychologiques, relationnels et organiques. Dans 80% des cas, elle est de nature fonctionnelle comme l’illustre cette observation clinique d’un polygame de 73 ans, qui a présenté une dysfonction érectile dont le profil évolutif s’est superposé à la paraplégie brusque non organique de sa première épouse. Ce travail a permis de mettre en lumière le mécanisme psychopathologique qui a sous tendu cette dysfonction et qui s’est essentiellement organisé autour d’une culpabilité inconsciente à valeur autopunitive. |
| 520 ## - SUMMARY, ETC. | |
| Summary, etc. | Erectile dysfunction (ED) is a multifactorial disease whose treatment must be understood simultaneously in its psychological, relational and organic aspects. In 80% of cases it is a functional desease as illustrated by the clinical case of a polygamous 73 years, whose erectile dysfunction syndrom appeared In the same time than the inorganic sudden paraplegia of his first wife . This article helps to highlight the psychopathological mechanism which is under this dysfunction, showing an unconscious autopunitiv guilt. |
| 690 ## - LOCAL SUBJECT ADDED ENTRY--TOPICAL TERM (OCLC, RLIN) | |
| Topical term or geographic name as entry element | culpabilité inconsciente |
| 690 ## - LOCAL SUBJECT ADDED ENTRY--TOPICAL TERM (OCLC, RLIN) | |
| Topical term or geographic name as entry element | Dysfonction érectile |
| 690 ## - LOCAL SUBJECT ADDED ENTRY--TOPICAL TERM (OCLC, RLIN) | |
| Topical term or geographic name as entry element | impuissance |
| 690 ## - LOCAL SUBJECT ADDED ENTRY--TOPICAL TERM (OCLC, RLIN) | |
| Topical term or geographic name as entry element | polygamie |
| 690 ## - LOCAL SUBJECT ADDED ENTRY--TOPICAL TERM (OCLC, RLIN) | |
| Topical term or geographic name as entry element | Erectile dysfunction |
| 690 ## - LOCAL SUBJECT ADDED ENTRY--TOPICAL TERM (OCLC, RLIN) | |
| Topical term or geographic name as entry element | impotence |
| 690 ## - LOCAL SUBJECT ADDED ENTRY--TOPICAL TERM (OCLC, RLIN) | |
| Topical term or geographic name as entry element | polygamy |
| 690 ## - LOCAL SUBJECT ADDED ENTRY--TOPICAL TERM (OCLC, RLIN) | |
| Topical term or geographic name as entry element | unconscious guilt |
| 700 10 - ADDED ENTRY--PERSONAL NAME | |
| Personal name | Danfa, Abdoulaye |
| Relator term | author |
| 700 10 - ADDED ENTRY--PERSONAL NAME | |
| Personal name | Ndiaye, Ibrahima |
| Relator term | author |
| 700 10 - ADDED ENTRY--PERSONAL NAME | |
| Personal name | Ba, El Hadji Makhtar |
| Relator term | author |
| 700 10 - ADDED ENTRY--PERSONAL NAME | |
| Personal name | Thiam, Mamadou Habib |
| Relator term | author |
| 786 0# - DATA SOURCE ENTRY | |
| Note | Psy Cause | 69 | 2 | 2015-01-21 | p. 6-8 | 1245-2394 |
| 856 41 - ELECTRONIC LOCATION AND ACCESS | |
| Uniform Resource Identifier | <a href="https://shs.cairn.info/revue-psy-cause-2015-2-page-6?lang=fr&redirect-ssocas=7080">https://shs.cairn.info/revue-psy-cause-2015-2-page-6?lang=fr&redirect-ssocas=7080</a> |
Pas d'exemplaire disponible.




Réseaux sociaux